[Event "FRA-chT Top 12"]
[Site "Montpellier"]
[Date "2015.06.09"]
[Round "11.8"]
[White "Maisuradze, Nino"]
[Black "Boyd, Stephen"]
[Result "1/2-1/2"]
[WhiteElo "2279"]
[BlackElo "2273"]
[PlyCount "21"]
[EventDate "2015.05.30"]
[EventType "team-tourn"]
[EventRounds "11"]
[EventCountry "FRA"]
[SourceTitle "CBM 166 Extra"]
[Source "ChessBase"]
[SourceDate "2015.06.18"]
[SourceVersion "1"]
[SourceVersionDate "2015.06.18"]
[SourceQuality "1"]
[WhiteTeam "Bischwiller"]
[BlackTeam "Montpellier"]
[WhiteTeamCountry "FRA"]
[BlackTeamCountry "FRA"]

1. d4 d6 2. c4 e5 3. Nc3 Nd7 4. Nf3 Ngf6 5. e3 g6 6. Be2 Bg7 7. 0-0 0-0 8. b4 Re8 9. Bb2 e4 10. Nd2 Nf8 11. Qc2 1/2-1/2

[Event "FRA-chT Top 12"]
[Site "Saint Quentin"]
[Date "2014.06.02"]
[Round "10.6"]
[White "Kosten, Anthony C"]
[Black "Boyd, Stephen"]
[Result "1-0"]
[WhiteElo "2455"]
[BlackElo "2264"]
[PlyCount "115"]
[EventDate "2014.05.24"]
[EventType "team-tourn"]
[EventRounds "11"]
[EventCountry "FRA"]
[SourceTitle "CBM 160 Extra"]
[Source "ChessBase"]
[SourceDate "2014.07.01"]
[SourceVersion "1"]
[SourceVersionDate "2014.07.01"]
[SourceQuality "1"]
[WhiteTeam "Bischwiller"]
[BlackTeam "Montpellier"]
[WhiteTeamCountry "FRA"]
[BlackTeamCountry "FRA"]

1. e4 d6 2. d4 Nf6 3. Nc3 e5 4. Nf3 Nbd7 5. Bc4 Be7 6. 0-0 0-0 7. a4 c6 8. a5 Nxe4 9. Nxe4 d5 10. a6 exd4 11. axb7 Bxb7 12. Bxd5 cxd5 13. Ng3 d3 14. Qxd3 Nc5 15. Qd1 a5 16. Be3 f5 17. Nh5 Qe8 18. Nf4 Qf7 19. Ne5 Qf6 20. Bxc5 Bxc5 21. Nd7 Qc6 22. Nxc5 Qxc5 23. Ne6 Qb6 24. Nxf8 Rxf8 25. Qd2 d4 26. Rfe1 Qg6 27. f4 Be4 28. Re2 Qd6 29. Rd1 a4 30. Qxd4 Qxf4 31. Qc4+ Kh8 32. Qb4 Rb8 33. Qd6 Qxd6 34. Rxd6 Kg8 35. c3 Kf7 36. Red2 a3 37. bxa3 Rb3 38. Ra6 Ke7 39. a4 g5 40. Rh6 Rxc3 41. Rxh7+ Kf6 42. a5 Ra3 43. a6 Kg6 44. Ra7 Kh5 45. Kf2 Kg4 46. Re2 Kh5 47. Rb2 Kg4 48. h3+ Kf4 49. Re7 g4 50. hxg4 Kxg4 51. a7 Bd5 52. Rd2 Bc6 53. Kg1 Kg3 54. Rg7+ Kf4 55. Kh2 Be4 56. Rdd7 Ke3 57. Rg3+ Kf4 58. Rgg7 1-0

[Event "FRA-chT1 1011"]
[Site "France"]
[Date "2010.11.14"]
[Round "3.1"]
[White "Bertrand, Frederic"]
[Black "Boyd, Stephen"]
[Result "1/2-1/2"]
[WhiteElo "2296"]
[BlackElo "2306"]
[PlyCount "47"]
[EventDate "2010.10.17"]
[EventType "team-tourn"]
[EventRounds "11"]
[EventCountry "FRA"]
[SourceTitle "EXT 2012"]
[Source "ChessBase"]
[SourceDate "2011.11.24"]
[SourceVersion "1"]
[SourceVersionDate "2011.11.24"]
[SourceQuality "1"]

1. d4 Nf6 2. Nf3 g6 3. g3 Bg7 4. Bg2 0-0 5. 0-0 d6 6. b3 c5 7. c3 Ne4 8. Nfd2 Nxd2 9. Qxd2 cxd4 10. cxd4 Nc6 11. Bb2 d5 12. Nc3 e6 13. e3 b6 14. Rfc1 Bb7 15. Ba3 Re8 16. Nb5 Bf8 17. Bxf8 Rxf8 18. Rc3 Qe7 19. Qb2 Rfc8 20. Rac1 a6 21. Na3 Nb4 22. Rxc8+ Rxc8 23. Rxc8+ Bxc8 24. Nc2 1/2-1/2

[Event "FRA-chT1 1011"]
[Site "France"]
[Date "2010.11.13"]
[Round "2.1"]
[White "Laclau, Daniel"]
[Black "Boyd, Stephen"]
[Result "1-0"]
[WhiteElo "2277"]
[BlackElo "2306"]
[PlyCount "106"]
[EventDate "2010.10.17"]
[EventType "team-tourn"]
[EventRounds "11"]
[EventCountry "FRA"]
[SourceTitle "EXT 2012"]
[Source "ChessBase"]
[SourceDate "2011.11.24"]
[SourceVersion "1"]
[SourceVersionDate "2011.11.24"]
[SourceQuality "1"]

1. d4 Nf6 2. Nf3 g6 3. c4 Bg7 4. Nc3 0-0 5. e4 d6 6. Be2 e5 7. 0-0 Nbd7 8. Re1 c6 9. Bf1 Qe7 10. Rb1 exd4 11. Nxd4 Re8 12. Bg5 Nc5 13. f3 Ne6 14. Nxe6 Bxe6 15. Nd5 Bxd5 16. cxd5 cxd5 17. Bb5 Rf8 18. exd5 Qd8 19. a4 a6 20. Bc4 Rc8 21. Qb3 Qd7 22. Be3 Rfe8 23. Bf2 Qc7 24. Bf1 Nd7 25. Qb4 Rxe1 26. Rxe1 a5 27. Qb3 Nc5 28. Qc2 Bf6 29. Bb5 Kg7 30. Be3 Qd8 31. Qd2 h5 32. Kh1 Be5 33. Bh6+ Kh7 34. Bg5 Bf6 35. Re8 Bxg5 36. Rxd8 Bxd8 37. Qf4 Kg7 38. g4 hxg4 39. fxg4 Be7 40. g5 Rf8 41. Kg2 f6 42. Qd4 Kf7 43. Qf4 Kg7 44. Qd4 Kf7 45. Qc3 b6 46. Qh3 fxg5 47. Bd7 Kg7 48. Be6 Rf4 49. b3 Bf6 50. Bg4 Bd4 51. Bf3 Nd3 52. Bd1 Rf2+ 53. Kh1 Nf4 1-0

[Event "FRA-chT1 1011"]
[Site "France"]
[Date "2010.10.17"]
[Round "1.1"]
[White "Boyd, Stephen"]
[Black "Petrossian, Armen"]
[Result "0-1"]
[WhiteElo "2306"]
[BlackElo "2443"]
[PlyCount "174"]
[EventDate "2010.10.17"]
[EventType "team-tourn"]
[EventRounds "11"]
[EventCountry "FRA"]
[SourceTitle "EXT 2012"]
[Source "ChessBase"]
[SourceDate "2011.11.24"]
[SourceVersion "1"]
[SourceVersionDate "2011.11.24"]
[SourceQuality "1"]

1. c4 e5 2. g3 Nf6 3. Bg2 c6 4. d4 Qa5+ 5. Nc3 Bb4 6. dxe5 Bxc3+ 7. bxc3 Qxc3+ 8. Bd2 Qxe5 9. Nf3 Qe7 10. 0-0 0-0 11. Nd4 d5 12. cxd5 cxd5 13. Rc1 Re8 14. Bf4 Nc6 15. Nb5 Bg4 16. f3 Be6 17. Nc7 Nh5 18. Nxa8 Nxf4 19. gxf4 d4 20. Nc7 Qxc7 21. Qxd4 Nxd4 22. Rxc7 Nxe2+ 23. Kf2 Nxf4 24. Rd1 Bxa2 25. Bf1 Bd5 26. Rxd5 Nxd5 27. Rxb7 Ne3 28. Rxa7 Nxf1 29. Kxf1 g6 30. Kf2 Rb8 31. Kg3 Rb4 32. h4 Kg7 33. Rc7 h6 34. Ra7 Rb1 35. Rc7 Re1 36. Ra7 Kf6 37. Kf4 Rg1 38. Ra6+ Kg7 39. Ra7 g5+ 40. hxg5 Rxg5 41. Rb7 Rg1 42. Rb5 Kg6 43. Rb6+ Kg7 44. Rb5 Rc1 45. Kg4 Kg6 46. Rb6+ f6 47. Rb5 h5+ 48. Kf4 Rc4+ 49. Kg3 h4+ 50. Kh3 f5 51. Rb8 Kg5 52. Rb3 Rc2 53. Rb4 Rc1 54. Ra4 Rg1 55. Kh2 Rg3 56. Ra3 Kf4 57. Ra4+ Kxf3 58. Rxh4 f4 59. Rh8 Rg2+ 60. Kh1 Re2 61. Rh3+ Kf2 62. Ra3 f3 63. Kh2 Kf1+ 64. Kg3 f2 65. Kf3 Kg1 66. Kxe2 f1Q+ 67. Kd2 Kf2 68. Rd3 Qa1 69. Kc2 Qa2+ 70. Kc3 Ke2 71. Rd4 Qa1+ 72. Kc4 Ke3 73. Rd5 Ke4 74. Rd6 Qa2+ 75. Kc5 Ke5 76. Rd7 Qc2+ 77. Kb6 Qc4 78. Rc7 Qb4+ 79. Ka7 Kd6 80. Rb7 Qa5+ 81. Kb8 Kc6 82. Rb1 Qe5+ 83. Ka7 Qe7+ 84. Kb8 Qf8+ 85. Ka7 Qf7+ 86. Kb8 Qg8+ 87. Ka7 Qh7+ 0-1

[Event "FRA-chT2 South 0809"]
[Site "France"]
[Date "2009.01.17"]
[Round "5.5"]
[White "Boyd, Stephen"]
[Black "Hadji, Mohamed"]
[Result "1/2-1/2"]
[WhiteElo "2317"]
[BlackElo "1970"]
[PlyCount "91"]
[EventDate "2008.10.12"]
[EventType "team-tourn"]
[EventRounds "11"]
[EventCountry "FRA"]
[SourceTitle "EXT 2010"]
[Source "ChessBase"]
[SourceDate "2010.11.25"]
[SourceVersion "1"]
[SourceVersionDate "2010.11.25"]
[SourceQuality "1"]
[WhiteTeam "Saint Affrique"]
[BlackTeam "Clermont Ferrand"]
[WhiteTeamCountry "FRA"]
[BlackTeamCountry "FRA"]

1. c4 c5 2. g3 Nc6 3. Bg2 Nf6 4. Nc3 g6 5. e4 d6 6. Nge2 Bg7 7. 0-0 0-0 8. d3 Bd7 9. h3 Qc8 10. Kh2 Ne8 11. a3 Nc7 12. Rb1 a5 13. f4 f5 14. b3 Nd4 15. Nxd4 Bxd4 16. Ne2 Bg7 17. Bb2 e5 18. Nc3 Rb8 19. Qd2 b5 20. a4 bxa4 21. bxa4 exf4 22. gxf4 Ne6 23. Nb5 Qa6 24. Bxg7 Nxg7 25. Rbe1 Rbc8 26. e5 dxe5 27. Rxe5 Rfe8 28. Rfe1 Rxe5 29. Rxe5 Qb6 30. Qe3 Kf8 31. Rd5 Qe6 32. Re5 Qb6 33. Rd5 Qe6 34. Qxe6 Bxe6 35. Rd6 Ke7 36. Bf3 Rd8 37. Rxd8 Kxd8 38. h4 Bd7 39. Nc3 Ke7 40. Kg3 Ne6 41. Bd5 Nd4 42. Bf3 Nb3 43. Kf2 Nd4 44. Ke3 Nc2+ 45. Kd2 Nd4 46. Ke3 1/2-1/2

[Event "FRA-chT2 South 0809"]
[Site "France"]
[Date "2008.11.22"]
[Round "2.3"]
[White "Boyd, Stephen"]
[Black "Mourot, Felix"]
[Result "1-0"]
[WhiteElo "2317"]
[BlackElo "2198"]
[PlyCount "49"]
[EventDate "2008.10.12"]
[EventType "team-tourn"]
[EventRounds "11"]
[EventCountry "FRA"]
[SourceTitle "EXT 2010"]
[Source "ChessBase"]
[SourceDate "2010.11.25"]
[SourceVersion "1"]
[SourceVersionDate "2010.11.25"]
[SourceQuality "1"]
[WhiteTeam "Saint Affrique"]
[BlackTeam "Avignon"]
[WhiteTeamCountry "FRA"]
[BlackTeamCountry "FRA"]

1. c4 c5 2. g3 Nf6 3. Bg2 e6 4. Nf3 Be7 5. 0-0 Nc6 6. Nc3 0-0 7. d4 cxd4 8. Nxd4 a6 9. e4 Qc7 10. Nxc6 dxc6 11. Be3 e5 12. h3 Be6 13. b3 b5 14. cxb5 axb5 15. Qc2 Qa5 16. f4 Rfd8 17. fxe5 Nd7 18. Nd5 cxd5 19. exd5 Rac8 20. Qf2 Nxe5 21. dxe6 fxe6 22. Kh2 Bf6 23. Bb6 Qd2 24. Bxd8 Qh6 25. Qf4 1-0

[Event "FRA-chT2 South 0708"]
[Site "France"]
[Date "2008.03.16"]
[Round "9.4"]
[White "Boyd, Stephen"]
[Black "Oliveira, Sancho"]
[Result "0-1"]
[WhiteElo "2336"]
[BlackElo "2207"]
[PlyCount "110"]
[EventDate "2007.10.21"]
[EventType "team"]
[EventRounds "11"]
[EventCountry "FRA"]
[SourceTitle "EXT 2009"]
[Source "ChessBase"]
[SourceDate "2008.11.26"]
[SourceVersion "1"]
[SourceVersionDate "2008.11.26"]
[SourceQuality "1"]
[WhiteTeam "Saint Affrique"]
[BlackTeam "Nice"]
[WhiteTeamCountry "FRA"]
[BlackTeamCountry "FRA"]

1. c4 c6 2. e4 c5 3. Nc3 Nc6 4. g3 g6 5. Bg2 Bg7 6. Nge2 e6 7. 0-0 Nge7 8. d3 0-0 9. a3 b6 10. Rb1 Bb7 11. b4 d6 12. Be3 Nd4 13. Qd2 Qd7 14. Bh6 Nec6 15. Bxg7 Kxg7 16. f4 Nxe2+ 17. Nxe2 Nd4 18. Nxd4 cxd4 19. f5 e5 20. f6+ Kh8 21. Qg5 Bc8 22. h4 Rg8 23. Bf3 Qd8 24. Rf2 Qf8 25. Rh2 h6 26. Qd2 Kh7 27. g4 Qd8 28. g5 h5 29. Qd1 Rh8 30. Rc1 a5 31. Ra1 Be6 32. Rb2 Qc7 33. Qe1 axb4 34. axb4 Qb7 35. b5 Ra7 36. Rba2 Rha8 37. Qe2 Kg8 38. Kf2 Kf8 39. Rxa7 Rxa7 40. Rxa7 Qxa7 41. Bxh5 gxh5 42. Qxh5 Ke8 43. Qh8+ Kd7 44. Qf8 Kc7 45. Qe7+ Bd7 46. Qxf7 Qa2+ 47. Kg3 Qe2 48. Qh7 Qxd3+ 49. Kh2 Qe2+ 50. Kg3 d3 51. f7 Qe3+ 52. Kg2 Qh3+ 53. Kf2 Qh2+ 54. Kf3 d2 55. f8Q d1Q+ 0-1

[Event "FRA-chT2 South 0708"]
[Site "France"]
[Date "2007.11.25"]
[Round "3.3"]
[White "Serreau, David"]
[Black "Boyd, Stephen"]
[Result "0-1"]
[WhiteElo "2181"]
[BlackElo "2333"]
[PlyCount "32"]
[EventDate "2007.10.21"]
[EventType "team"]
[EventRounds "11"]
[EventCountry "FRA"]
[SourceTitle "EXT 2009"]
[Source "ChessBase"]
[SourceDate "2008.11.26"]
[SourceVersion "1"]
[SourceVersionDate "2008.11.26"]
[SourceQuality "1"]
[WhiteTeam "Montpellier Diagonale"]
[BlackTeam "Saint Affrique"]
[WhiteTeamCountry "FRA"]
[BlackTeamCountry "FRA"]

1. Nf3 g6 2. d4 Bg7 3. g3 Nf6 4. b3 c5 5. Bb2 cxd4 6. Nxd4 d5 7. Bg2 0-0 8. Nd2 e5 9. N4f3 e4 10. Nd4 Nc6 11. e3 Ne5 12. h3 h5 13. Ne6 Bxe6 14. Bxe5 Re8 15. Qc1 Bxh3 16. Bxh3 Rxe5 0-1

[Event "FRA-chT2 South 0708"]
[Site "France"]
[Date "2007.11.24"]
[Round "2.3"]
[White "Boyd, Stephen"]
[Black "Morice, Ludovic"]
[Result "1/2-1/2"]
[WhiteElo "2333"]
[BlackElo "2067"]
[PlyCount "41"]
[EventDate "2007.10.21"]
[EventType "team"]
[EventRounds "11"]
[EventCountry "FRA"]
[SourceTitle "EXT 2009"]
[Source "ChessBase"]
[SourceDate "2008.11.26"]
[SourceVersion "1"]
[SourceVersionDate "2008.11.26"]
[SourceQuality "1"]
[WhiteTeam "Saint Affrique"]
[BlackTeam "L'Isle sur la Sorgue"]
[WhiteTeamCountry "FRA"]
[BlackTeamCountry "FRA"]

1. c4 e5 2. g3 Nc6 3. Bg2 g6 4. Nc3 Bg7 5. Rb1 d6 6. b4 Nf6 7. b5 Ne7 8. Nf3 0-0 9. 0-0 Bf5 10. d3 Qc8 11. e4 Bg4 12. Nd5 Nexd5 13. cxd5 c5 14. dxc6 bxc6 15. a4 cxb5 16. axb5 Rb8 17. Be3 Bd7 18. Qa4 a6 19. Qxa6 Bxb5 20. Qxc8 Rfxc8 21. Rb3 1/2-1/2

[Event "FRA-chT2 South 0607"]
[Site "France"]
[Date "2006.10.15"]
[Round "1.2"]
[White "Boyd, Stephen"]
[Black "Tournier, Mathieu"]
[Result "1-0"]
[WhiteElo "2313"]
[BlackElo "2251"]
[PlyCount "63"]
[EventDate "2006.10.15"]
[EventType "team"]
[EventRounds "11"]
[EventCountry "FRA"]
[SourceTitle "EXT 2008"]
[Source "ChessBase"]
[SourceDate "2007.11.25"]
[SourceVersion "1"]
[SourceVersionDate "2007.11.25"]
[SourceQuality "1"]
[WhiteTeam "Saint Affrique"]
[BlackTeam "Toulouse"]
[WhiteTeamCountry "FRA"]
[BlackTeamCountry "FRA"]

1. Nf3 Nf6 2. g3 d5 3. Bg2 c6 4. 0-0 Bg4 5. c4 e6 6. Ne5 Bf5 7. d4 Nbd7 8. Nxd7 Qxd7 9. b3 Be7 10. Bb2 0-0 11. Nc3 Rad8 12. e3 Bg6 13. Qe2 c5 14. cxd5 Nxd5 15. Nxd5 exd5 16. Rfd1 Qe6 17. dxc5 Bxc5 18. Bd4 Bxd4 19. Rxd4 Be4 20. f3 Bg6 21. Rad1 Rfe8 22. Kf2 Rd7 23. e4 f5 24. Bh3 Qb6 25. Qe3 Rc7 26. e5 Rc2+ 27. R1d2 Rxe5 28. Qxe5 Rxd2+ 29. Ke3 f4+ 30. Kxd2 Qa5+ 31. Kd1 Bc2+ 32. Kxc2 1-0

[Event "FRA-chT2C 0506"]
[Site "France"]
[Date "2006.04.02"]
[Round "11.4"]
[White "Gendre, Kostia"]
[Black "Boyd, Stephen"]
[Result "1/2-1/2"]
[WhiteElo "2216"]
[BlackElo "2320"]
[PlyCount "52"]
[EventDate "2005.10.27"]
[EventType "team"]
[EventRounds "11"]
[EventCountry "FRA"]
[SourceTitle "EXT 2006"]
[Source "ChessBase"]
[SourceDate "2005.11.24"]
[SourceVersion "1"]
[SourceVersionDate "2005.11.24"]
[SourceQuality "1"]
[WhiteTeam "Grenoble"]
[BlackTeam "Lodeve Saint Affrique"]
[WhiteTeamCountry "FRA"]
[BlackTeamCountry "FRA"]

1. e4 g6 2. h4 d5 3. exd5 Nf6 4. h5 Nxh5 5. Rxh5 gxh5 6. Qxh5 c6 7. Nc3 cxd5 8. Nxd5 Nc6 9. Nf3 e6 10. Ne5 Nxe5 11. Qxe5 Qxd5 12. Qxh8 Qe4+ 13. Kd1 Bd7 14. d3 Qg6 15. Be3 0-0-0 16. Qc3+ Bc6 17. Bxa7 Bg7 18. Qc4 Bxb2 19. Rb1 Qf6 20. Bb6 Rd5 21. Be2 Bd4 22. Bf3 Rc5 23. Bxc5 Bxf3+ 24. gxf3 Qxf3+ 25. Kc1 Qf4+ 26. Kd1 Qf3+ 1/2-1/2

[Event "FRA-chT2C 0506"]
[Site "France"]
[Date "2005.11.19"]
[Round "2.3"]
[White "Boyd, Stephen"]
[Black "Leski, Marc"]
[Result "1/2-1/2"]
[WhiteElo "2320"]
[BlackElo "2415"]
[PlyCount "77"]
[EventDate "2005.10.27"]
[EventType "team"]
[EventRounds "11"]
[EventCountry "FRA"]
[SourceTitle "EXT 2006"]
[Source "ChessBase"]
[SourceDate "2005.11.24"]
[SourceVersion "1"]
[SourceVersionDate "2005.11.24"]
[SourceQuality "1"]
[WhiteTeam "Lodeve Saint Affrique"]
[BlackTeam "Cannes"]
[WhiteTeamCountry "FRA"]
[BlackTeamCountry "FRA"]

1. e4 d6 2. d4 Nf6 3. Nc3 g6 4. Be3 c6 5. Qd2 b5 6. Bd3 Nbd7 7. Nf3 Qc7 8. h3 Bb7 9. 0-0 Bg7 10. b4 a5 11. a3 0-0 12. Bh6 e5 13. dxe5 dxe5 14. Rab1 Rfe8 15. Rfe1 axb4 16. axb4 Nf8 17. Qg5 Ne6 18. Qh4 Nd7 19. Ne2 Qd8 20. Qxd8 Rexd8 21. Be3 c5 22. bxc5 Ndxc5 23. Rxb5 Nxd3 24. cxd3 Ba6 25. Ra5 Bxd3 26. Rxa8 Rxa8 27. Nd2 f5 28. Nc1 fxe4 29. f3 Ra4 30. Nxd3 exd3 31. Ne4 Bf8 32. Rb1 Bb4 33. Rb3 d2 34. Nxd2 Bxd2 35. Bxd2 e4 36. fxe4 Rxe4 37. Rb8+ Kf7 38. Rb7+ Kg8 39. Kf2 1/2-1/2

[Event "FRA-chT2 0405"]
[Site "France"]
[Date "2005.04.02"]
[Round "10.2"]
[White "Boyd, Stephen"]
[Black "Abello, Sebastien"]
[Result "0-1"]
[WhiteElo "2325"]
[BlackElo "2252"]
[PlyCount "78"]
[EventDate "2004.10.10"]
[EventType "team"]
[EventRounds "11"]
[EventCountry "FRA"]
[SourceTitle "EXT 2006"]
[Source "ChessBase"]
[SourceDate "2005.11.24"]
[SourceVersion "1"]
[SourceVersionDate "2005.11.24"]
[SourceQuality "1"]

1. c4 e5 2. g3 Nc6 3. Bg2 g6 4. Nc3 Bg7 5. e4 d6 6. d3 Be6 7. Nge2 Qd7 8. Nd5 Nce7 9. d4 c6 10. Nxe7 Nxe7 11. d5 Bh3 12. 0-0 h5 13. dxc6 Nxc6 14. Bxh3 Qxh3 15. f3 0-0 16. Be3 Qe6 17. b3 Rad8 18. Qd2 Kh7 19. Nc3 h4 20. g4 h3 21. Qf2 Rh8 22. Rad1 a6 23. Nd5 f6 24. Qd2 f5 25. exf5 gxf5 26. gxf5 Qxf5 27. Qd3 Qxd3 28. Rxd3 Bh6 29. Bb6 Rdf8 30. f4 Rhg8+ 31. Kh1 Bxf4 32. Rxh3+ Kg6 33. Bc7 Bg5 34. Rg1 Rf2 35. Rhg3 Kf5 36. Bxd6 Rxa2 37. Rf3+ Ke6 38. Bc5 Rg7 39. Be3 e4 0-1

[Event "FRA-chT2 0405"]
[Site "France"]
[Date "2005.01.08"]
[Round "5.2"]
[White "Armas, Jules"]
[Black "Boyd, Stephen"]
[Result "1-0"]
[WhiteElo "2358"]
[BlackElo "2325"]
[PlyCount "87"]
[EventDate "2004.10.10"]
[EventType "team"]
[EventRounds "11"]
[EventCountry "FRA"]
[SourceTitle "EXT 2006"]
[Source "ChessBase"]
[SourceDate "2005.11.24"]
[SourceVersion "1"]
[SourceVersionDate "2005.11.24"]
[SourceQuality "1"]
[WhiteTeam "Cannes II"]
[BlackTeam "Saint Affrique"]
[WhiteTeamCountry "FRA"]
[BlackTeamCountry "FRA"]

1. e4 c5 2. Nf3 Nc6 3. d3 g6 4. g3 Bg7 5. Bg2 e6 6. c3 d5 7. Qe2 Nge7 8. h4 h6 9. 0-0 b6 10. a4 Ba6 11. e5 d4 12. c4 Bb7 13. Re1 Qc7 14. Na3 a6 15. Bd2 0-0-0 16. Nc2 a5 17. Na3 Na7 18. Nb5 Nxb5 19. axb5 Kb8 20. Ra2 Rd7 21. b3 Rdd8 22. Rea1 Nc8 23. Bxa5 bxa5 24. Rxa5 Rd7 25. Qa2 Nb6 26. Nxd4 Qxe5 27. Nc2 Bxg2 28. Kxg2 Rb7 29. Ra7 Nc8 30. Ra6 Kc7 31. b4 Kd7 32. bxc5 Qxc5 33. Rc6 Qa7 34. Ra6 Qc5 35. Rc6 Qe5 36. Re1 Qb2 37. Qa4 Ne7 38. d4 Rd8 39. d5 exd5 40. Qa6 Rdb8 41. Rd6+ Ke8 42. Qc6+ Kf8 43. Qxb7 Rd8 44. Qxe7+ 1-0

[Event "FRA-chT2S"]
[Site "France"]
[Date "2003.02.03"]
[Round "7.3"]
[White "Benmesbah, Stephane"]
[Black "Boyd, Stephen"]
[Result "0-1"]
[WhiteElo "2232"]
[BlackElo "2343"]
[PlyCount "68"]
[EventDate "2002.10.??"]
[EventType "team"]
[EventRounds "11"]
[EventCountry "FRA"]
[SourceTitle "EXT 2004"]
[Source "ChessBase"]
[SourceDate "2003.11.25"]
[SourceVersion "1"]
[SourceVersionDate "2003.11.25"]
[SourceQuality "1"]

1. e4 c5 2. Nc3 Nc6 3. f4 g6 4. Nf3 Bg7 5. Bc4 e6 6. 0-0 Nge7 7. Qe1 0-0 8. d3 d5 9. Bb3 Nd4 10. Kh1 b6 11. Qh4 f5 12. exd5 Nxb3 13. axb3 exd5 14. Bd2 Nc6 15. Qh3 Nb4 16. Rac1 d4 17. Ne2 Qd5 18. Neg1 Bb7 19. Ne5 g5 20. Qg3 g4 21. h3 h5 22. hxg4 hxg4 23. Ne2 Rf6 24. Kg1 Re8 25. Kf2 Nc6 26. Rh1 Rfe6 27. c4 dxc3 28. Bxc3 Nxe5 29. Bxe5 Bxe5 30. fxe5 Rxe5 31. Nf4 Qd4+ 32. Kf1 Re3 33. Qh2 Bxg2+ 34. Nxg2 Rf3# 0-1

[Event "FRA-chT2S"]
[Site "France"]
[Date "2002.12.08"]
[Round "4.1"]
[White "Boyd, Stephen"]
[Black "Bruneau, Laurent"]
[Result "1/2-1/2"]
[WhiteElo "2343"]
[BlackElo "2291"]
[PlyCount "84"]
[EventDate "2002.10.??"]
[EventType "team"]
[EventRounds "11"]
[EventCountry "FRA"]
[SourceTitle "EXT 2004"]
[Source "ChessBase"]
[SourceDate "2003.11.25"]
[SourceVersion "1"]
[SourceVersionDate "2003.11.25"]
[SourceQuality "1"]

1. c4 e6 2. Nf3 d5 3. b3 Nf6 4. Bb2 Bd6 5. g3 c6 6. Bg2 Nbd7 7. 0-0 0-0 8. Nc3 Ne4 9. Nxe4 dxe4 10. Nd4 Be5 11. Qc2 Qf6 12. e3 c5 13. Qxe4 cxd4 14. exd4 Bc7 15. Rab1 Qd8 16. Rfe1 Nf6 17. Qc2 Rb8 18. Qc3 Bd7 19. d5 exd5 20. Bxd5 Bc6 21. Bg2 Qd7 22. d4 Bxg2 23. Kxg2 Rfe8 24. Qf3 Ba5 25. Re5 Bc7 26. Rf5 Ne4 27. Rd1 f6 28. h4 Nd6 29. Rd5 Qc6 30. Bc1 Rbc8 31. a4 a6 32. h5 Nf7 33. Be3 h6 34. Rc5 Qxf3+ 35. Kxf3 Bd6 36. Rxc8 Rxc8 37. c5 Be7 38. b4 Bd8 39. b5 Kf8 40. Ke4 axb5 41. axb5 Ra8 42. Kd5 Ke8 1/2-1/2

[Event "FRA-chT1"]
[Site "France"]
[Date "2002.03.??"]
[Round "4.4"]
[White "Boyd, Stephen"]
[Black "Bunzmann, Dimitrij"]
[Result "0-1"]
[WhiteElo "2362"]
[BlackElo "2469"]
[PlyCount "52"]
[EventDate "2002.02.??"]
[EventType "team"]
[EventRounds "11"]
[EventCountry "FRA"]
[SourceTitle "EXT 2003"]
[Source "ChessBase"]
[SourceDate "2002.11.25"]
[SourceVersion "1"]
[SourceVersionDate "2002.11.25"]
[SourceQuality "1"]
[WhiteTeam "Toulouse"]
[BlackTeam "Sautron"]
[WhiteTeamCountry "FRA"]
[BlackTeamCountry "FRA"]

1. e4 e6 2. d3 d5 3. Nd2 Nf6 4. Ngf3 b6 5. g3 dxe4 6. dxe4 Bc5 7. Bg2 Ba6 8. c4 Qd3 9. Qe2 Qxe2+ 10. Kxe2 Bb7 11. Ne5 Bd4 12. Nd3 Nc6 13. e5 Ng4 14. f4 Ne3 15. Be4 0-0-0 16. Rb1 f6 17. exf6 gxf6 18. b3 f5 19. Bf3 Rhe8 20. Bh5 Re7 21. Nf3 Ng4 22. Ba3 Red7 23. Ng5 Bf6 24. Nxe6 Rxd3 25. Nxd8 Rxd8 26. Rhd1 Nd4+ 0-1

[Event "FRA-chT1"]
[Site "France"]
[Date "2002.??.??"]
[Round "6.5"]
[White "Eliet, Nicolas"]
[Black "Boyd, Stephen"]
[Result "1-0"]
[WhiteElo "2401"]
[BlackElo "2362"]
[PlyCount "125"]
[EventDate "2002.02.??"]
[EventType "team"]
[EventRounds "11"]
[EventCountry "FRA"]
[SourceTitle "EXT 2003"]
[Source "ChessBase"]
[SourceDate "2002.11.25"]
[SourceVersion "1"]
[SourceVersionDate "2002.11.25"]
[SourceQuality "1"]
[WhiteTeam "Gonfreville"]
[BlackTeam "Toulouse"]
[WhiteTeamCountry "FRA"]
[BlackTeamCountry "FRA"]

1. d4 Nf6 2. c4 g6 3. Nc3 Bg7 4. Bg5 0-0 5. Qd2 c5 6. d5 e6 7. e4 exd5 8. cxd5 d6 9. Bd3 a6 10. a4 Nbd7 11. Nf3 Re8 12. 0-0 Qc7 13. h3 Rb8 14. a5 b5 15. axb6 Rxb6 16. Rfe1 c4 17. Bb1 Nc5 18. Ra2 Qb8 19. Nd4 Nb3 20. Nxb3 Rxb3 21. Qc1 Nd7 22. Bc2 Nc5 23. Be3 Nd3 24. Bxd3 cxd3 25. Qd2 f5 26. f3 fxe4 27. fxe4 Bd7 28. Qxd3 Rxb2 29. Rxb2 Qxb2 30. Bd4 Bb5 31. Qe3 Qb4 32. Bxg7 Kxg7 33. Nd1 Re7 34. Nf2 h5 35. Rc1 Qb2 36. Rc3 Qb4 37. Kh2 Kh7 38. Rc8 Qb2 39. Qf4 Qe5 40. Qxe5 dxe5 41. h4 Ra7 42. Nh3 Bd7 43. Ng5+ Kg7 44. Rc3 a5 45. Nf3 Kf6 46. Nd2 a4 47. Nc4 Rc7 48. Rf3+ Bf5 49. Na3 Rb7 50. exf5 gxf5 51. Rc3 e4 52. Rc4 Ra7 53. d6 Ke6 54. Rd4 Rd7 55. Nc4 a3 56. Nxa3 Rxd6 57. Rxd6+ Kxd6 58. Kg3 Ke5 59. Nc2 f4+ 60. Kf2 Kf5 61. g3 f3 62. Ne3+ Kf6 63. Nf1 1-0

[Event "FRA-chT 9900"]
[Site "France"]
[Date "2000.04.30"]
[Round "10.3"]
[White "Martsynovskaya, Marina"]
[Black "Boyd, Stephen"]
[Result "0-1"]
[WhiteElo "2202"]
[BlackElo "2384"]
[PlyCount "78"]
[EventDate "1999.02.04"]
[EventType "team"]
[EventRounds "11"]
[EventCountry "FRA"]
[SourceTitle "EXT 2001"]
[Source "ChessBase"]
[SourceDate "2000.11.22"]
[SourceVersion "1"]
[SourceVersionDate "2000.11.22"]
[SourceQuality "1"]

1. e4 g6 2. Nc3 Bg7 3. f4 c5 4. g3 Nc6 5. Bg2 e6 6. d3 Nge7 7. e5 d6 8. exd6 Qxd6 9. Bd2 0-0 10. Nf3 b6 11. Nb5 Qd7 12. Ne5 Nxe5 13. Bxa8 Nxd3+ 14. cxd3 Ba6 15. Qf3 Bxb5 16. Bc3 Nd5 17. Bxd5 exd5 18. Bxg7 Kxg7 19. 0-0-0 d4 20. Rhe1 f6 21. Rd2 Rf7 22. g4 Bc6 23. Qg3 Bd5 24. Kb1 Qa4 25. b3 Qb4 26. Rb2 a5 27. h4 a4 28. bxa4 Qxa4 29. f5 Qa3 30. fxg6 hxg6 31. g5 c4 32. Rd1 c3 33. gxf6+ Kh7 34. Rdd2 cxd2 35. Rxd2 Rxf6 36. Qg1 Bxa2+ 37. Rxa2 Qxd3+ 38. Kb2 Qe2+ 39. Kb3 Rf3+ 0-1